00249pam a2200109 a 4500020000500000041000500005082001300010100001800023245004600041260004100087300001100128 c h a658bVER aVerma, R.B.S. aSupervisory ManagementhTextual Documents aNew DelhibDeep And Deep Publication a298/CB